000 00643cam a22002051 4500
001 af 47005410
003 DLC
005 20260227110831.0
008 860908s1945 fr a 000 0 fre c
010 _aaf 47005410
035 _a(OCoLC)14191561
040 _aYale Univ. Library
_cCLU
_dDLC
042 _apremarc
050 0 0 _aPQ2611.A887
_bV5
100 1 _aFavre, Marcel.
245 1 3 _aLe vieux village.
_cFrontispice et bandeaux gravés sur bois de Pierre Mestre.
260 _aParis,
_bLes Éditions de la nouvelle France
_c[1945]
300 _a3 p. l., [9]-266 p., 2 l. incl. front., illus.
_c19 cm.
490 0 _aCollection Chamois.
_v[7]
999 _c3102
_d3102